000
00191 a2200097 4500
001
18982
100
_a
A S M E
245
_a
Surface Teeture
260
_a
_b
A S M E
_c
090
_c
14066
_d
14066
942
_a
NUST-CAE
_c
M
_c
4521
999
_c
254055
_d
254055